|
|
|
|
| LEADER |
00000nas a22000007a 4500 |
| 001 |
ssj0012136 |
| 003 |
WaSeSS |
| 005 |
20200512172242.0 |
| 006 |
m d |
| 007 |
cr n |
| 008 |
050614c19529999maufr pss 0 a0eng c |
| 010 |
|
|
|a 2005216080
|
| 022 |
|
|
|a 1559-1263
|l 0029-8182
|y 0029-8182
|
| 035 |
|
|
|a (WaSeSS)ssj0012136
|
| 037 |
|
|
|b Woods Hole Oceanographic Institution, 266 Woods Hole Rd., Woods, Hole, MA 02543
|c $ free
|
| 040 |
|
|
|a OCLCS
|b eng
|c OCLCS
|d NSD
|d OCLCQ
|d OCLCF
|d OCLCO
|d OCLCQ
|d OCLCA
|d INARC
|d VT2
|d BHLMR
|d WaSeSS
|
| 042 |
|
|
|a nsdp
|a pcc
|
| 050 |
|
4 |
|a GC1
|b .O35
|
| 082 |
0 |
4 |
|a 551.4605
|
| 130 |
0 |
|
|a Oceanus (Online)
|
| 222 |
|
0 |
|a Oceanus
|b (Online)
|
| 245 |
1 |
0 |
|a Oceanus
|h [electronic resource].
|
| 260 |
|
|
|a Woods Hole, Mass. :
|b Woods Hole Oceanographic Institution
|
| 310 |
|
|
|a Semiannual,
|b spring 1994-
|
| 362 |
1 |
|
|a Print began with v. 1 in winter 1952.
|
| 506 |
|
|
|a License restrictions may limit access.
|
| 588 |
|
|
|a Description based on: Vol. 44, no. 2 (Nov. 2, 2005); title from title information screen (viewed Nov. 30, 2005).
|
| 650 |
|
0 |
|a Oceanography
|v Periodicals.
|
| 650 |
|
7 |
|a Oceanography.
|2 fast
|0 (OCoLC)fst01043671
|
| 655 |
|
0 |
|a Electronic journals.
|
| 710 |
2 |
|
|a Woods Hole Oceanographic Institution.
|
| 776 |
1 |
|
|t Oceanus
|x 0029-8182
|w (DLC) 59034518
|w (OCoLC)1761014
|
| 856 |
4 |
0 |
|z Full text available from Research Library: 10/01/1996 to 04/30/2017
|u https://search.proquest.com/publication/47167
|